000 01235nam a2200385 a 4500
001
003 DO-SdBNP
005 20220330082243.0
007 000024485
008 110128s2010 dr a 000 0 spa d
020 _a9789945429251
040 _aBPMSU
_bspa
_cBPMSU
082 _aRD863.44
_bC822s 2010
_222
100 1 _aCoronado, Dinorah
245 1 0 _aSoy campeón :
_bla historia del maratonista dominicano Domingo Coronado /
_cDinorah Coronado; ilustraciones de Rafael Hutchinson
260 _aSanto Domingo :
_bAlfaguara,
_c2010.
300 _a127 p. :
_bil. ;
_c21 cm.
490 0 _aAfaguara infantil
500 _aIncluye datos biográficos de la autora en la página 131
590 _6Inventariado, 2022/VM
600 1 4 _aCoronado, Domingo,
_d1909-
_vNovela.
650 4 _aNovela juvenil dominicana.
650 4 _aAtletas
_vNovela juvenil.
650 4 _aAtletismo
_vNovela juvenil.
700 1 _aHutchinson, Rafael,
_bilustración
830 0 _pAfaguara infantil
910 _aVMateo V.
930 1 _l
_m
_8
_f
_p
_g
_h
930 1 _l
_m
_8
_f
_p
_g
_h
930 1 _l
_m
_8
_f
_p
_g
_h
930 1 _l
_m
_8
_f
_p
_g
930 1 _l
_m
_8
_f
_p
_g
_h
942 _2ddc
_cBK
956 _a
_b
_c
_l
_h
999 _c7755
_d7755